Fundamental rules and the supplementary rules (Record no. 19592)

MARC details
000 -LEADER
fixed length control field 00288nam a2200109Ia 4500
082 ## - DEWEY DECIMAL CLASSIFICATION NUMBER
Classification number 340
Item number CHA;3
100 ## - MAIN ENTRY--AUTHOR NAME
Personal name Chaudri, S Lakhi Singh
245 #0 - TITLE STATEMENT
Title Fundamental rules and the supplementary rules
260 ## - PUBLICATION, DISTRIBUTION, ETC. (IMPRINT)
Place of publication Hoshiarpur
Year of publication 1963
942 ## - ADDED ENTRY ELEMENTS (KOHA)
Koha item type Books
Holdings
Withdrawn status Lost status Damaged status Not for loan Home library Current library Date acquired Cost, normal purchase price Full call number Accession Number Koha item type
        RRII Library RRII Library 16/12/2021 7.50 340 CHA;3 00326 Books